000 00376nam a22001457a 4500
999 _c8982
_d8982
003 OSt
008 200714b ||||| |||| 00| 0 eng d
100 _aSrivastava , B.B.L
245 _aFundamental of Analytical Chemistry
250 _a2019
260 _aNew Delhi
_bIP Innovative
300 _a91
650 _aPharmaceutical Analysis and Quality Assurance
942 _2ddc
_cBK